Operations research for business management / (Record no. 1130)
[ view plain ]
| 000 -LEADER | |
|---|---|
| fixed length control field | 00587nam a22001697a 4500 |
| 005 - DATE AND TIME OF LATEST TRANSACTION | |
| control field | 20230215080242.0 |
| 008 - FIXED-LENGTH DATA ELEMENTS--GENERAL INFORMATION | |
| fixed length control field | 230215b |||||||| |||| 00| 0 eng d |
| 020 ## - INTERNATIONAL STANDARD BOOK NUMBER | |
| International Standard Book Number | 978-971-9654-71-1 |
| 082 ## - DEWEY DECIMAL CLASSIFICATION NUMBER | |
| Classification number | Fil. 658.5 Sa228 2017 |
| 100 ## - MAIN ENTRY--PERSONAL NAME | |
| Personal name | San Pedro, Lorna S.L. |
| Relator term | author |
| 245 ## - TITLE STATEMENT | |
| Title | Operations research for business management / |
| Statement of responsibility, etc. | Lorma S.L. San Pedro |
| 260 ## - PUBLICATION, DISTRIBUTION, ETC. | |
| Place of publication, distribution, etc. | Manila: |
| Name of publisher, distributor, etc. | Unlimited Books Library Services and Publishing, |
| Date of publication, distribution, etc. | c2017 |
| 300 ## - PHYSICAL DESCRIPTION | |
| Extent | xii, 216p.: |
| Other physical details | ill. |
| 504 ## - BIBLIOGRAPHY, ETC. NOTE | |
| Bibliography, etc. note | Includes bibliographical references |
| 541 ## - IMMEDIATE SOURCE OF ACQUISITION NOTE | |
| Accession number | 5972 c.1, 5973 c.2, 5974 c.3 |
| 650 ## - SUBJECT ADDED ENTRY--TOPICAL TERM | |
| Topical term or geographic name entry element | Operations research |
| Withdrawn status | Lost status | Source of classification or shelving scheme | Damaged status | Not for loan | Home library | Current library | Date acquired | Total Checkouts | Full call number | Barcode | Date last seen | Copy number | Price effective from | Koha item type | Date last checked out |
|---|---|---|---|---|---|---|---|---|---|---|---|---|---|---|---|
| Dewey Decimal Classification | ctu-moalboal | ctu-moalboal | 03/19/2019 | Fil. 658.5 Sa228 2017 | 5972 | 02/15/2023 | 1 | 02/15/2023 | Books-Reference | ||||||
| Dewey Decimal Classification | ctu-moalboal | ctu-moalboal | 03/19/2019 | 4 | Fil. 658.5 Sa228 2017 | 5973 | 08/22/2025 | 2 | 02/15/2023 | Books-Reference | 04/13/2024 | ||||
| Dewey Decimal Classification | ctu-moalboal | ctu-moalboal | 03/19/2019 | Fil. 658.5 Sa228 2017 | 5974 | 02/15/2023 | 3 | 02/15/2023 | Books-Reference | ||||||
| Dewey Decimal Classification | ctu-moalboal | ctu-moalboal | 11/25/2024 | Fil. 658.5 Sa228 2017 | 8002 | 04/15/2026 | 4 | 04/15/2026 | Books-Filipiniana |